Personajes de Doraemon - Estadísticas

Estadísticas generales
  • Esta prueba ha sido intentada 64 veces
  • La puntuación promedio es 8 de 14
Estadísticas de respuestas
Descripción Personaje % Correcto
Chica de la que está enamorado el chico de arriba Shizuka Minamoto
100%
Gato robótico que viene del futuro Doraemon
100%
Protagonista despistado que necesita ayuda del gato robótico Nobita Nobi
100%
Personaje intimidante y el "matón" Takeshi Goda
95%
Amigo presumido, rico y burlón Suneo Honekawa
93%
Hermana del gato robótico Dorami
78%
El más inteligente y responsable de la clase Hidetoshi Dekisugi
69%
Padre de del protagonista Nobisuke
36%
Hijo (en el futuro) del protagonista Nobisuke
36%
Gato del que el gato robótico está enamorado Mii
35%
Madre del protagonista Tamako Nobi
35%
Hermana del "matón" Jaiko Goda
29%
Perro de los dos personajes de arriba Muku
22%
Primer dueño del gato robótico y tataranieto del protagonista Sewashi Nobi
20%
No se encontraron pruebas coincidentes
Distribución de puntuación
Porcentaje de gente con cada puntuación
Porcentaje por número respondido
Historial de tus puntuaciones
No has intentado esta prueba.